Theory of Plasticity / (Record no. 1287)

000 -LEADER
fixed length control field 00572nam a2200205 a 4500
003 - CONTROL NUMBER IDENTIFIER
control field PK-NaQUE
005 - DATE AND TIME OF LATEST TRANSACTION
control field 20250729143747.0
008 - FIXED-LENGTH DATA ELEMENTS--GENERAL INFORMATION
fixed length control field 250729b ||||| |||| 00| 0 eng d
020 ## - INTERNATIONAL STANDARD BOOK NUMBER
International Standard Book Number 0070103925 (hardcover)
020 ## - INTERNATIONAL STANDARD BOOK NUMBER
International Standard Book Number 9780070103924 (hardcover)
040 ## - CATALOGING SOURCE
Transcribing agency QUEST
100 1# - MAIN ENTRY--PERSONAL NAME
Personal name Chakrabarty, Jagabanduhu.
245 10 - TITLE STATEMENT
Title Theory of Plasticity /
250 ## - EDITION STATEMENT
Edition statement First ed.
260 ## - PUBLICATION, DISTRIBUTION, ETC. (IMPRINT)
Place of publication, distribution, etc [S.l.] :
Name of publisher, distributor, etc Mcgraw-Hill College,
Date of publication, distribution, etc 1987.
300 ## - PHYSICAL DESCRIPTION
Extent 788 p. ;
650 ## - SUBJECT ADDED ENTRY--TOPICAL TERM
Topical term or geographic name as entry element Plasticity
856 40 - ELECTRONIC LOCATION AND ACCESS
Uniform Resource Identifier http://10.10.170.122:8080/browse/book/27991
Link text Download eBook
942 ## - ADDED ENTRY ELEMENTS (KOHA)
Koha item type Books
Source of classification or shelving scheme
Holdings
Withdrawn status Lost status Damaged status Not for loan Collection code Permanent Location Current Location Date acquired Full call number Barcode Date last seen Koha item type Price effective from
          Central Library, QUEST, Nawabshah Central Library, QUEST, Nawabshah 2014-09-12 CHA 16822 2014-09-12 Books 2014-09-12
          Central Library, QUEST, Nawabshah Central Library, QUEST, Nawabshah 2014-09-17 CHA 16609 2014-09-17 Books 2014-09-17
          Central Library, QUEST, Nawabshah Central Library, QUEST, Nawabshah 2014-09-18 CHA 15913 2014-09-18 Books 2014-09-18
          Central Library, QUEST, Nawabshah Central Library, QUEST, Nawabshah 2014-09-18 CHA 15914 2014-09-18 Books 2014-09-18
          Library for Girls Library for Girls 2014-09-17 CHA 16608 2014-09-17 Books  
        Reference Reference Section Reference Section 2014-04-30 CHA (Shelf - 40B) 15637 2014-04-30 Books  

Copyright © 2018,The QUEST, Nawabshah, Shaheed Benazirabad. All rights reserved
Mr. G. Farooq Channar (Librarian) QUEST, Nawabshah, Sindh, Pakistan 67480.
 Ph#: |   0244-9370381-4 Ext. 2308   Email| [email protected]   Web|  http://www.quest.edu.pk